Historia de la física
Kaydedildi:
| Yazar: | |
|---|---|
| Materyal Türü: | Kitap |
| Dil: | İspanyolca |
| Baskı/Yayın Bilgisi: |
Ciudad de México
Fondo de Cultura Económica
1960
|
| Edisyon: | 2a. ed |
| Konular: | |
| Etiketler: |
Etiketle
Etiket eklenmemiş, İlk siz ekleyin!
|
MARC
| LEADER | 00000nam a2200000 a 4500 | ||
|---|---|---|---|
| 001 | UCT4807 | ||
| 003 | CL-VaPUC | ||
| 008 | 961122e19600000MX |||||||||||||||||spa|d | ||
| 082 | 0 | 4 | |a 530.01 |b JEA |2 21 |
| 100 | |a Jeans, James Hopwood |e author |9 538600 | ||
| 245 | 1 | 0 | |a Historia de la física |
| 250 | |a 2a. ed | ||
| 300 | |a 417 p | ||
| 942 | |c BK | ||
| 945 | |d 19961122 00:00:00 |a nastorga | ||
| 260 | |a Ciudad de México |b Fondo de Cultura Económica |c 1960 | ||
| 600 | 0 | 7 | |a PITAGORAS |2 CL-VaPUC |9 374076 |
| 600 | 0 | 7 | |a PLATON |2 CL-VaPUC |9 222 |
| 600 | 0 | |a Aristóteles, |d 384 a.C.- 322 a.C. |9 194 | |
| 650 | 0 | |a Física |9 227844 | |
| 650 | 0 | |a Astronomía |9 260985 | |
| 650 | 0 | |a Matemática |9 260235 | |
| 650 | 0 | |a Ciencia |9 255691 | |
| 650 | 0 | |a Filosofía griega |9 265579 | |
| 650 | 0 | |a Mecánica |9 260096 | |
| 650 | 0 | |a Electricidad |9 260222 | |
| 650 | 0 | |a Astrofísica |9 269137 | |
| 583 | |a last modification |c 19961122 00:00:00 |k Rodrigo Vera | ||
| 999 | |c 253955 |d 253953 | ||
| 952 | |0 0 |1 0 |4 0 |6 530_010000000000000_JEA_1960 |7 0 |8 A |9 275176 |a BIBING |b BIBING |d 2019-11-19 |i 325237K |o 530.01 JEA 1960 |p 325237K |r 2025-01-20 |w 2019-11-19 |y BK |k EIE | ||
| 952 | |0 0 |1 0 |4 0 |6 530_010000000000000_JEA_1960 |7 0 |8 A |9 275177 |a BIBING |b BIBING |d 2019-11-19 |i 3256189 |o 530.01 JEA 1960 |p 3256189 |r 2025-01-20 |w 2019-11-19 |y BK |k EIE | ||